[Event "Arco op 46th"]
[Site "Arco"]
[Date "2024.10.11"]
[Round "7"]
[White "Somaschini, Marco"]
[Black "De Joannon, Giulio"]
[Result "0-1"]
[WhiteElo "1783"]
[BlackElo "1636"]
[PlyCount "56"]
[EventDate "2024.10.05"]
[EventType "swiss"]
[EventRounds "9"]
[EventCountry "ITA"]
[SourceTitle "CB44_2024"]
[Source "Chessbase"]
[SourceDate "2024.10.30"]
[SourceVersion "1"]
[SourceVersionDate "2024.10.30"]
[SourceQuality "1"]

1. d4 b6 2. Nf3 Bb7 3. g3 Nf6 4. Bg2 g6 5. c3 Bg7 6. 0-0 0-0 7. Re1 d6 8. Qb3 Nbd7 9. Rd1 c5 10. Bg5 h6 11. Bxf6 Bxf6 12. Nbd2 a6 13. e4 Qc7 14. Rac1 b5 15. Re1 Qb6 16. e5 c4 17. Qc2 dxe5 18. dxe5 Bg7 19. e6 Nc5 20. exf7+ Rxf7 21. Rcd1 Nd3 22. Rf1 Raf8 23. a3 e5 24. a4 e4 25. Nd4 Bxd4 26. cxd4 Qxd4 27. Nb1 Rxf2 28. Qc3 Rxf1# 0-1

[Event "Arco op 46th"]
[Site "Arco"]
[Date "2024.10.09"]
[Round "5"]
[White "Somaschini, Marco"]
[Black "Cazzaniga, Walter"]
[Result "0-1"]
[WhiteElo "1783"]
[BlackElo "1933"]
[PlyCount "81"]
[EventDate "2024.10.05"]
[EventType "swiss"]
[EventRounds "9"]
[EventCountry "ITA"]
[SourceTitle "CB44_2024"]
[Source "Chessbase"]
[SourceDate "2024.10.30"]
[SourceVersion "1"]
[SourceVersionDate "2024.10.30"]
[SourceQuality "1"]

1. d4 Nf6 2. Nf3 g6 3. g3 Bg7 4. Bg2 0-0 5. 0-0 d6 6. c3 c6 7. Qb3 a5 8. a4 Nbd7 9. Nbd2 Qc7 10. e4 e5 11. Re1 Re8 12. Ng5 Nf8 13. dxe5 dxe5 14. Nc4 h6 15. Nf3 N8d7 16. Nh4 Kh7 17. Nd6 Qxd6 18. Qxf7 Nf8 19. b3 Qe7 20. Qc4 Be6 21. Qe2 Bxb3 22. Ba3 Qf7 23. Rec1 Bc4 24. Qe3 Ne6 25. Qb6 Ra6 26. Qe3 b5 27. axb5 cxb5 28. Rd1 Bf8 29. Bc1 a4 30. Qf3 Nc5 31. Bh3 Nfxe4 32. Qxf7+ Bxf7 33. Re1 Nxc3 34. Bb2 b4 35. Re3 Nb3 36. Rae1 Bc5 37. Rxe5 Rxe5 38. Rxe5 a3 39. Bxc3 bxc3 40. Bf1 a2 41. Bxa6 0-1

[Event "Arco op 46th"]
[Site "Arco"]
[Date "2024.10.05"]
[Round "1"]
[White "Somaschini, Marco"]
[Black "Bergeron, Pascal"]
[Result "0-1"]
[WhiteElo "1783"]
[BlackElo "2089"]
[PlyCount "104"]
[EventDate "2024.10.05"]
[EventType "swiss"]
[EventRounds "9"]
[EventCountry "ITA"]
[SourceTitle "CB44_2024"]
[Source "Chessbase"]
[SourceDate "2024.10.30"]
[SourceVersion "1"]
[SourceVersionDate "2024.10.30"]
[SourceQuality "1"]

1. d4 Nf6 2. Nf3 g6 3. g3 Bg7 4. Bg2 0-0 5. 0-0 d6 6. c3 Nc6 7. Qb3 e5 8. dxe5 dxe5 9. Rd1 Qe7 10. Ng5 e4 11. Nd2 e3 12. Nde4 exf2+ 13. Kf1 Re8 14. Nxf6+ Bxf6 15. Ne4 Kg7 16. Bf3 Ne5 17. Kxf2 Rb8 18. Bf4 Ng4+ 19. Kg2 Be5 20. h3 Bxf4 21. hxg4 Bh6 22. Qd5 Bxg4 23. Bxg4 Qxe4+ 24. Qxe4 Rxe4 25. Bf3 Re7 26. Rd5 Be3 27. Rad1 h5 28. Rd7 Kf6 29. R1d3 Bc5 30. b4 Bd6 31. Rxe7 Kxe7 32. Re3+ Kd7 33. Bd5 f6 34. Bf7 h4 35. gxh4 Rh8 36. Kh3 Rh6 37. Be8+ Kd8 38. Bf7 Be5 39. Bd5 c6 40. Bf3 Ke7 41. Re4 Kd6 42. c4 f5 43. c5+ Ke6 44. Rc4 g5 45. h5 g4+ 46. Bxg4 fxg4+ 47. Kxg4 Rh8 48. a4 Rg8+ 49. Kh4 Rg2 50. e3 Kf5 51. e4+ Kf4 52. Kh3 Kf3 0-1